Historia moderna
-д хадгалсан:
| Үндсэн зохиолчид: | , , , , |
|---|---|
| Формат: | Ном |
| Хэл сонгох: | испани |
| Хэвлэсэн: |
Madrid
Akal
1980
|
| Цуврал: | Akal Textos
|
| Нөхцлүүд: | |
| Шошгууд: |
Шошго нэмэх
Шошго байхгүй, Энэхүү баримтыг шошголох эхний хүн болох!
|
MARC
| LEADER | 00000nam a2200000 a 4500 | ||
|---|---|---|---|
| 001 | UCM3124 | ||
| 003 | CL-VaPUC | ||
| 008 | 020628e19800000SP |||||||||||||||||spa|d | ||
| 082 | 0 | 4 | |a 909.08 |b BEN |2 21 |
| 100 | |a Bennassar, Bartolomé |e author |9 313507 | ||
| 700 | 0 | |a Jacquart, J |e author |9 469850 | |
| 700 | 0 | |a Lebrun, F |e author |9 469851 | |
| 700 | 0 | |a Denis, M |e author |9 469852 | |
| 700 | 0 | |a Blayau, N |e author |9 469853 | |
| 245 | 1 | 0 | |a Historia moderna |
| 300 | |a 1068 p | ||
| 942 | |c BK | ||
| 945 | |d 20020628 00:00:00 |a vberengu | ||
| 260 | |a Madrid |b Akal |c 1980 | ||
| 650 | 7 | |a HISTORIA MODERNA SIGLO 16 |2 CL-VaPUC |9 459971 | |
| 650 | 7 | |a HISTORIA MODERNA SIGLO 17 |2 CL-VaPUC |9 459972 | |
| 650 | 7 | |a HISTORIA MODERNA SIGLO 18 |2 CL-VaPUC |9 459973 | |
| 583 | |a last modification |c 20190705 10:22:24 |k Rodrigo Vera | ||
| 490 | 0 | |a Akal Textos | |
| 999 | |c 300621 |d 300619 | ||
| 952 | |0 0 |1 0 |4 0 |6 909_080000000000000_BEN_1980 |7 0 |8 DER_HIS |9 358611 |a BIBDER |b BIBDER |d 2019-11-21 |i 3822524 |l 1 |o 909.08 BEN 1980 |p 3822524 |r 2023-01-25 |s 2020-03-17 |w 2019-11-21 |x Ubicación 4to Piso |y BK |z Estos recursos deben solicitarse con anticipación |k DER | ||